000 00491nam a2200193 a 4500
001 000030340
003 DO-SdBNP
005 20230317114154.0
007 ta
008 110510s2011 dr c 000 0 spa d
040 _aDO-SdBNP
_bspa
_cBNPHU
049 _aBNPD
082 4 _bI43g
_222
245 0 0 _aInforme de gestion anual 2010.
260 _aSanto Domingo :
_bGrupo Popular,
_c[2011].
300 _a133 p. :
_bretratos ;
_c29 cm.
590 _aInventariado, 2023/BT
942 _2ddc
_cLBS1
999 _c29832
_d29832